000 00548nam a2200169 a 4500
008 120416s1974 ||||||||||||||||| || u
050 _aQC 534 Zba
100 _aZbar, Paul B
245 1 0 _aBasic electricity: a text-lab manual
250 _a4th ed.
260 _aNew York
_bMacGraw-Hill
_c1974
300 _axvi, 652p.
350 _a0.00
650 _aBASIC ELECTRICITY
650 _aELECTRICITY
995 _D0.00
_FCBU-MAIN LIBRARY (Kitwe)
_H1
_I4.95
_M1
_UDAMAGED
_ZMain Library Open Access Collection
999 _c35532
_d35532